Capitales des pays participants à la coupe du monde 1930 - Statistiques

Statistiques générales
  • Ce quiz a été pris 42 fois
  • Le résultat moyen est 9 sur 13
Statistiques - réponses
Capitales % Correct
Paris
100%
Washington
93%
Brasilia
90%
Buenos Aires
90%
Montevideo
85%
Mexico
80%
Lima
70%
Bruxelles
68%
La Paz - Sucre
65%
Santiago
65%
Asuncion
63%
Belgrade
43%
Bucarest
38%
Aucun quiz correspondant
Distribution des résultats
% des personnes avec chaque résultat
Percentile par nombre de réponses
Votre historique - résultats
Vous n’avez pas pris ce quiz